Manual de lectoescritura y Cálculo Básico, alfabeticemos ahora (Record no. 8443)
[ view plain ]
| 000 -LEADER | |
|---|---|
| campo de control de longitud fija | 00440nam a2200133Ia 4500 |
| 001 - NÚMERO DE CONTROL | |
| campo de control | 253 |
| 008 - DATOS DE LONGITUD FIJA--INFORMACIÓN GENERAL | |
| campo de control de longitud fija | 241024s9999 xx 000 0 und d |
| 082 ## - NÚMERO DE LA CLASIFICACIÓN DECIMAL DEWEY | |
| Número de clasificación | RD/374/R426m/2008/v.1 |
| 100 ## - ENTRADA PRINCIPAL--NOMBRE DE PERSONA | |
| Nombre de persona | República Dominicana.Secretaria de Estado de Educación.Dirección General de Adultos |
| 245 #0 - MENCIÓN DEL TÍTULO | |
| Título | Manual de lectoescritura y Cálculo Básico, alfabeticemos ahora |
| 260 ## - PUBLICACIÓN, DISTRIBUCIÓN, ETC. | |
| Nombre del editor, distribuidor, etc. | Alfa & Omega |
| Fecha de publicación, distribución, etc. | 2008 |
| 901 ## - ELEMENTOS DE DATOS A LOCAL LDA (RLIN) | |
| a | 27/10/2010 9:09:19 a.m. |
No items available.